00850nam a2200229 a 450000100100000000500170001000800410002704000250006808200260009310000340011924500590015325000120021226000580022449000350028259000260031765000280034365000310037183000420040291000380044495201230048299900150060500000992420240412074213.0091002s1998 dr a r 001 p spa d aDO-SdBNPbspacBNPHU aRD861.44bC679r, 19981 aCoiscou Weber, Rodolfo91973910aRetorno al origen sin origen /cRodolfo Coiscou Weber. a2ª ed. aSanto Domingo :bUniversidad Central del Este,c1998.1 aAntología de nuestra vozv48 aInventariado, 2018/BT 0aPoesía dominicana966 0aLiteratura dominicana.967 0aAntología de nuestra vozn48924856 aValidado. Control de calidad. EMS 0010718PDaPDbPDcHDd2009-10-02iLF1l0oRD861.44 C679r, 1998p9924-10r2020-06-25w2020-06-25yLFPDZNo se presta c9683d9683